| 000 | 00793nam a22002657a 4500 | ||
|---|---|---|---|
| 001 | BR8703325 | ||
| 003 | BR-BrBNA | ||
| 005 | 20230928092605.0 | ||
| 007 | ta | ||
| 008 | 230509b bl.||||| |||| 00| 0 por d | ||
| 040 |
_aBR-BrBNA _bpor _cBiblioteca Nacional de Agricultura |
||
| 041 | _a(Por) | ||
| 072 |
_aF01 _b0313 |
||
| 090 | _ 0313 BR8703325 | ||
| 100 | 1 | _aDutra, G.R.P. | |
| 110 | 1 |
_aSecretaria da Agricultura, Comercio e Obras Publicas do Estado de Sao Paulo, Sao Paulo (Brasil). Directoria da Agricultura _98346 |
|
| 245 | 1 | _aInformacoes geraes sobre a cultura da oliveira | |
| 260 | 3 |
_aSao Paulo, SP (Brasil): _c1910. |
|
| 300 | _a41 p. | ||
| 500 | _a10 illus. | ||
| 650 | _aAZEITONA | ||
| 650 | _aPRODUCAO VEGETAL | ||
| 909 |
_a202309 _bLucia _c55 _dLucia Elande |
||
| 942 | _cBK | ||
| 999 |
_c40012 _d40012 |
||